• 首页
  • 本馆介绍
  • 公告通知
  • 最新文献
  • 馆藏检索
  • 电子资源
  • 读者导购
  • 参考咨询
  • 我的图书馆
  • 登录
  • 详细信息显示
  • 放入我的书架
  • 预约/预借图书
  • 作者相关作品
  • 分类相关作品
  • 丛书相关作品
  • 出版社相关作品

书目信息

  • 表格格式
  • 工作单格式
  • 卡片格式
题名:
商业分析
    
 
作者: 王仁武 , 蔚海燕 , 范并思 编著
分册:  
出版信息: 上海   华东师范大学出版社  2014
页数: 350页
开本: 26cm
丛书名: 高等学校经济与管理类系列教材
单 册:
中图分类: F713.51
科图分类:
主题词: 商业信息学--Shang Ye Xin Xi Xue--高等学校--教材
电子资源:
ISBN: 978-7-5675-2209-1
000 01338nam 2200313 450
001 340407
005 20150625164708.62
010    @a978-7-5675-2209-1@dCNY45.00
100    @a20141104d2014 em y0chiy50 ea
101 0  @achi
102    @aCN@b310000
105    @aak a 000yy
106    @ar
200 1  @a商业分析@AShang Ye Fen Xi@e商业数据的分析、挖掘和应用@f王仁武, 蔚海燕, 范并思编著
210    @a上海@c华东师范大学出版社@d2014
215    @a350页@c图@d26cm
225 2  @a高等学校经济与管理类系列教材@AGao Deng Xue Xiao Jing Ji Yu Guan Li Lei Xi Lie Jiao Cai@i基础课系列 (应用型本科)
320    @a有书目
330    @a本书内容包括: 商业分析概论, 商业分析流程、方法与工具, 商业问题的分析和建模, 商业信息的采集, 商业信息的管理, 商业数据分析方法, 商业数据挖掘方法, 商业中的非结构化信息分析, 商业信息的可视化, 商业分析的行业应用案例。
410  0 @12001 @a高等学校经济与管理类系列教材@i基础课系列 (应用型本科)
462    @1462 @a基础课系列 (应用型本科)
517 1  @a商业数据的分析、挖掘和应用@AShang Ye Shu Ju De Fen Xi 、wa Jue He Ying Yong
606 0  @a商业信息学@AShang Ye Xin Xi Xue@x高等学校@j教材
690    @aF713.51@v5
701  0 @a王仁武@AWang Ren Wu@4编著
701  0 @a蔚海燕@AWei Hai Yan@4编著
701  0 @a范并思@AFan Bing Sai@4编著
801  0 @aCN@b卓展宏图@c20150525
905    @dF713.51@e780@f4
    
    商业分析:商业数据的分析、挖掘和应用/王仁武, 蔚海燕, 范并思编著.-上海:华东师范大学出版社,2014
    350页:图;26cm.-(高等学校经济与管理类系列教材.基础课系列 (应用型本科))
    
    
    ISBN 978-7-5675-2209-1:CNY45.00
    本书内容包括: 商业分析概论, 商业分析流程、方法与工具, 商业问题的分析和建模, 商业信息的采集, 商业信息的管理, 商业数据分析方法, 商业数据挖掘方法, 商业中的非结构化信息分析, 商业信息的可视化, 商业分析的行业应用案例。
●
相关链接 在E读中查询图书 在五车中查询图书 在当当中查询图书 在豆瓣中查询图书


正题名:商业分析     索取号:F713.51/780         预约/预借

序号 登录号 条形码 馆藏地/架位号 状态 备注
1 865549   208655490   第一样本阅览室/ [索取号:F713.51/780] 在馆    
2 865550   208655506   密集书库-海洋学院/ [索取号:F713.51/780] 在馆    
3 865551   208655515   第一借阅区/ [索取号:F713.51/780] 在馆    
4 865552   208655524   第一借阅区/ [索取号:F713.51/780] 在馆    
唐山师范学院图书馆 欢迎您!
大连网信软件有限公司© 版权所有